Largest Countries that ... #2 - Statistics

General Stats
  • This quiz has been taken 136 times
  • The average score is 82 of 100
Answer Stats
Question Tile Select % Correct
Majority Muslim countries (8 answers) Peru No
99%
Majority Muslim countries (8 answers) Argentina No
98%
Majority Muslim countries (8 answers) Australia No
98%
Majority Muslim countries (8 answers) Mexico No
98%
Majority Muslim countries (8 answers) Brazil No
97%
Majority Muslim countries (8 answers) Canada No
97%
Majority Muslim countries (8 answers) Russia No
97%
Majority Muslim countries (8 answers) China No
96%
Majority Muslim countries (8 answers) Saudi Arabia Yes
96%
Countries whose capital cities begin with a vowel. (3 answers) Brazil No
95%
Countries whose capital cities begin with a vowel. (3 answers) China No
95%
Countries whose capital cities begin with a vowel. (3 answers) Mexico No
95%
Countries whose capital cities begin with a vowel. (3 answers) Russia No
95%
Majority Muslim countries (8 answers) United States No
95%
Countries whose capital cities begin with a vowel. (3 answers) Australia No
94%
Countries with the equator passing though them (3 answers) Canada No
94%
Countries whose capital cities begin with a vowel. (3 answers) Peru No
94%
Countries with the equator passing though them (3 answers) Russia No
94%
Countries whose capital cities begin with a vowel. (3 answers) United States No
94%
Countries with the equator passing though them (3 answers) China No
93%
Countries with the equator passing though them (3 answers) Mongolia No
93%
Countries whose capital cities begin with a vowel. (3 answers) Saudi Arabia No
93%
Countries with the equator passing though them (3 answers) United States No
93%
Majority Muslim countries (8 answers) Iran Yes
92%
Countries with the equator passing though them (3 answers) Kazakhstan No
92%
Countries whose capital cities begin with a vowel. (3 answers) Argentina No
91%
Countries with the equator passing though them (3 answers) Australia No
91%
Countries whose capital cities begin with a vowel. (3 answers) Democratic Republic of the Congo No
91%
Countries whose capital cities begin with a vowel. (3 answers) India No
91%
Countries whose capital cities begin with a vowel. (3 answers) Iran No
91%
Countries with the equator passing though them (3 answers) Iran No
91%
Countries with the equator passing though them (3 answers) Mexico No
91%
Countries whose capital cities begin with a vowel. (3 answers) Chad No
90%
Majority Muslim countries (8 answers) Libya Yes
90%
Countries with the equator passing though them (3 answers) Libya No
90%
Countries whose capital cities begin with a vowel. (3 answers) Sudan No
90%
Countries on the Indian Ocean or its seas, bays, or gulfs. (6 answers) Canada No
89%
Countries whose capital cities begin with a vowel. (3 answers) Indonesia No
89%
Countries whose capital cities begin with a vowel. (3 answers) Libya No
89%
Majority Muslim countries (8 answers) Mongolia No
89%
Countries on the Indian Ocean or its seas, bays, or gulfs. (6 answers) Peru No
89%
Countries on the Indian Ocean or its seas, bays, or gulfs. (6 answers) Algeria No
88%
Countries with the equator passing though them (3 answers) Argentina No
88%
Countries on the Indian Ocean or its seas, bays, or gulfs. (6 answers) Chad No
88%
Majority Muslim countries (8 answers) India No
88%
Majority Muslim countries (8 answers) Sudan Yes
88%
Majority Muslim countries (8 answers) Algeria Yes
87%
Countries on the Indian Ocean or its seas, bays, or gulfs. (6 answers) Argentina No
87%
Countries on the Indian Ocean or its seas, bays, or gulfs. (6 answers) Brazil No
87%
Countries on the Indian Ocean or its seas, bays, or gulfs. (6 answers) Mexico No
87%
Countries on the Indian Ocean or its seas, bays, or gulfs. (6 answers) Mongolia No
87%
Countries on the Indian Ocean or its seas, bays, or gulfs. (6 answers) United States No
87%
Countries on the Indian Ocean or its seas, bays, or gulfs. (6 answers) Democratic Republic of the Congo No
86%
Countries on the Indian Ocean or its seas, bays, or gulfs. (6 answers) Libya No
86%
Countries on the Indian Ocean or its seas, bays, or gulfs. (6 answers) Russia No
86%
Countries with the equator passing though them (3 answers) Saudi Arabia No
86%
Countries with the equator passing though them (3 answers) Algeria No
85%
Majority Muslim countries (8 answers) Indonesia Yes
85%
Countries with maximum elevation under 10,000ft (3050m) (6 answers) Canada No
84%
Countries on the Indian Ocean or its seas, bays, or gulfs. (6 answers) India Yes
84%
Countries on the Indian Ocean or its seas, bays, or gulfs. (6 answers) Kazakhstan No
84%
Countries whose capital cities begin with a vowel. (3 answers) Canada Yes
83%
Countries with the equator passing though them (3 answers) Chad No
82%
Countries with maximum elevation under 10,000ft (3050m) (6 answers) China No
82%
Countries with the equator passing though them (3 answers) India No
82%
Countries with maximum elevation under 10,000ft (3050m) (6 answers) Peru No
82%
Countries whose capital cities begin with a vowel. (3 answers) Algeria Yes
81%
Countries with maximum elevation under 10,000ft (3050m) (6 answers) United States No
81%
Majority Muslim countries (8 answers) Chad Yes
80%
Countries on the Indian Ocean or its seas, bays, or gulfs. (6 answers) Indonesia Yes
80%
Countries with maximum elevation under 10,000ft (3050m) (6 answers) Argentina No
79%
Majority Muslim countries (8 answers) Democratic Republic of the Congo No
79%
Countries with maximum elevation under 10,000ft (3050m) (6 answers) India No
79%
Majority Muslim countries (8 answers) Kazakhstan Yes
79%
Countries with maximum elevation under 10,000ft (3050m) (6 answers) Russia No
79%
Countries with the equator passing though them (3 answers) Sudan No
79%
Countries with maximum elevation under 10,000ft (3050m) (6 answers) Mexico No
78%
Countries with maximum elevation under 10,000ft (3050m) (6 answers) Kazakhstan No
76%
Countries on the Indian Ocean or its seas, bays, or gulfs. (6 answers) Saudi Arabia Yes
75%
Countries with the equator passing though them (3 answers) Brazil Yes
72%
Countries with maximum elevation under 10,000ft (3050m) (6 answers) Iran No
72%
Countries with maximum elevation under 10,000ft (3050m) (6 answers) Mongolia No
71%
Countries with the equator passing though them (3 answers) Peru No
71%
Countries with maximum elevation under 10,000ft (3050m) (6 answers) Indonesia No
65%
Countries on the Indian Ocean or its seas, bays, or gulfs. (6 answers) Australia Yes
63%
Countries with the equator passing though them (3 answers) Democratic Republic of the Congo Yes
63%
Countries whose capital cities begin with a vowel. (3 answers) Kazakhstan No
62%
Countries on the Indian Ocean or its seas, bays, or gulfs. (6 answers) Iran Yes
61%
Countries on the Indian Ocean or its seas, bays, or gulfs. (6 answers) China No
60%
Countries with maximum elevation under 10,000ft (3050m) (6 answers) Democratic Republic of the Congo No
59%
Countries whose capital cities begin with a vowel. (3 answers) Mongolia Yes
59%
Countries with the equator passing though them (3 answers) Indonesia Yes
57%
Countries with maximum elevation under 10,000ft (3050m) (6 answers) Libya Yes
57%
Countries with maximum elevation under 10,000ft (3050m) (6 answers) Sudan Yes
57%
Countries with maximum elevation under 10,000ft (3050m) (6 answers) Saudi Arabia Yes
56%
Countries with maximum elevation under 10,000ft (3050m) (6 answers) Australia Yes
50%
Countries with maximum elevation under 10,000ft (3050m) (6 answers) Algeria Yes
48%
Countries on the Indian Ocean or its seas, bays, or gulfs. (6 answers) Sudan Yes
45%
Countries with maximum elevation under 10,000ft (3050m) (6 answers) Chad No
35%
Countries with maximum elevation under 10,000ft (3050m) (6 answers) Brazil Yes
30%
No matching quizzes found
Score Distribution
Percent of People with Each Score
Percentile by Number Answered
Your Score History
You have not taken this quiz